Gospodarstwo domowe Problemy ekonomiki i funkcjonowania

Salvato in:
Dettagli Bibliografici
Autore principale: Wiszniewski, Edward
Natura: Libro
Lingua:polacco
Pubblicazione: Warszawa Szkola Glówna Handlowa 1993
Edizione:1. wyd.
Serie:Monografie i opracowania 368
Soggetti:
Tags: Aggiungi Tag
Nessun Tag, puoi essere il primo ad aggiungerne!!

MARC

LEADER 00000nam a2200000 4500
001 c013851
005 20230222124023.8
041 0 |a pol 
044 |a PL 
245 1 0 |a Gospodarstwo domowe  |b Problemy ekonomiki i funkcjonowania  |c Edward Wiszniewski 
250 |a 1. wyd. 
264 1 |a Warszawa  |b Szkola Glówna Handlowa  |c 1993 
300 |a 135 s. 
490 1 |a Monografie i opracowania  |v 368 
830 0 |a Monografie i opracowania  |v 368 
610 2 0 |a hospodárstvo domáce 
610 2 0 |a ekonómia 
610 2 0 |a spotreba 
610 2 0 |a spotrebitelia 
610 2 0 |a transformácia 
610 2 0 |a roľníci 
610 2 0 |a obdobie prechodné 
610 2 0 |a rodina 
100 1 |a Wiszniewski, Edward